COVID-19 Deaths to Country - Statistics

General Stats
  • This quiz has been taken 13 times
  • The average score is 12 of 15
Answer Stats
# of Deaths Country % Correct
4,633 China
100%
23,293 France
100%
26,977 Italy
100%
23,521 Spain
100%
56,285 United States
100%
6,021 Germany
92%
21,092 United Kingdom
92%
4,298 Brazil
83%
2,701 Canada
83%
5,806 Iran
83%
2,274 Sweden
75%
2,900 Turkey
50%
7,207 Belgium
42%
4,518 Netherlands
42%
1,640 Switzerland
33%
No matching quizzes found
Score Distribution
Percent of People with Each Score
Percentile by Number Answered
Your Score History
You have not taken this quiz